ბათუმის შოთა რუსთაველის სახელმწიფო უნივერსიტეტის ბიბლიოთეკა

სულისმიერი ნაბიჯებით : წერილები, ლექსები : (ბიბ.ჩანაწერი № 53621)

000 -ლიდერი
ფიქსირებული სიგრძის საკონტროლო ველი 01386nam a2200253Ia 4500
001 - საკონტროლო ნომერი
საკონტროლო ველი 20668
003 - საკონტროლო ნომრის იდენტიფიკატორი
საკონტროლო ველი GE_BSU
005 - ბოლო ოპერაციის თარიღი და დრო
საკონტროლო ველი 20210301203728.0
008 - ფიქსირებული სიგრძის მონაცემთა ელემენტები - ზოგადი ინფორმაცია
ფიქსირებული სიგრძის საკონტროლო ველი 181216s2017||||ge |||||||||||||| || ||
020 ## - წიგნის საერთაშორისო სტანდარტული ნომერი
International Standard Book Number 9789941949180
040 ## - კატალოგიზაციის წყარო
Transcribing agency GE_BSU
041 ## - ენის კოდი
Language code of text/sound track or separate title geo
080 ## - უნივერსალური ათობითი კლასიფიკაციის ინდექსი
Universal Decimal Classification number 821.353.1-92 ჩ-65
100 ## - მთავარი ჩანაწერი - პიროვნების სახელი
Personal name ჩირგაძე, დავით
9 (RLIN) 10281
245 ## - ცნობა სათაურის შესახებ
Title სულისმიერი ნაბიჯებით : წერილები, ლექსები :
Remainder of title ეძღვნება შოთა რუსთაველის 850 წლისთავს /
Statement of responsibility, etc დავით ჩირგაძე ; რედაქტორი ნინო ხაბეიშვილი ; მხატვარი ზაალ სალუაშვილი ; მხატვარი - გამფორმებელი გარეკანზე ლაშა კინწურაშვილი.
264 ## - წარმოების, გამოცემის, დისტრიბუციის და სხვა ცნობები
გამოცემის, წარმოების, დისტრიბუციის... ადგილი თბილისი :
გამოცემის, წარმოების, დისტრიბუციის... სახელწოდება [?],
გამოცემის, წარმოების, დისტრიბუციის... თარიღი 2017.
300 ## - ფიზიკური აღწერა
Extent 112 გვ. :
Other physical details ილ. ;
Dimensions 20 სმ.
653 ## - INDEX TERM--UNCONTROLLED
Uncontrolled term სულისმიერი ნაბიჯებით
653 ## - INDEX TERM--UNCONTROLLED
Uncontrolled term წერილები
653 ## - INDEX TERM--UNCONTROLLED
Uncontrolled term ლექსები
700 ## - ADDED ENTRY--PERSONAL NAME
Personal name ხაბეიშვილი, ნინო
Relator term რედაქტორი
9 (RLIN) 10282
700 ## - ADDED ENTRY--PERSONAL NAME
Personal name სალუაშვილი, ზაალ
Relator term მხატვარი
9 (RLIN) 10283
942 ## - ADDED ENTRY ELEMENTS (KOHA)
Koha item type წიგნი
Source of classification or shelving scheme
ეგზემპლარები
ჩამოწერის სტატუსი დაკარგული ეგზემპლარის სტატუსი კლასიფიკაციის წყარო ან თაროზე გაწყობის სქემა დაზიანების სტატუსი არ გაიცემა მუდმივი მდებარეობა (დაცვის ადგილი) ამჟამინდელი ადგილსამყოფელი თაროზე განთავსების ადგილი შეძენის თარიღი სრული შენახვის შიფრი შტრიხკოდი ბოლო ოპერაციის თარიღი ეგზემპლარის მიმდევრობითი ნომერი (კეტერი?) ფასის ძალაში შესვლის თარიღი ეგზემპლარის სახეობა
          ბათუმის შოთა რუსთაველის სახელმწიფო უნივერსიტეტის მთავარი ბიბლიოთეკა ბათუმის შოთა რუსთაველის სახელმწიფო უნივერსიტეტის მთავარი ბიბლიოთეკა წიგნსაცავი 2018-12-17 821.353.1-92 ჩ-65 53929 2018-12-17 53929 2018-12-17 წიგნი